Green business <an> A-to-Z guide

Salvato in:
Dettagli Bibliografici
Altri autori: Cohen, Nevin
Natura: Libro
Lingua:inglese
Pubblicazione: Los Angeles SAGE 2011
Serie:<The> SAGE reference series on green society : toward a sustainable future
Soggetti:
Tags: Aggiungi Tag
Nessun Tag, puoi essere il primo ad aggiungerne!!

MARC

LEADER 00000nam a2200000 4500
001 0191534
005 20230113123841.1
020 |a 978-1-4129-9684-6 
041 0 |a eng 
044 |a US 
245 1 0 |a Green business  |b <an> A-to-Z guide  |c Nevin Cohen (general editor) 
264 1 |a Los Angeles  |b SAGE  |c 2011 
300 |a 585 s. 
490 1 |a <The> SAGE reference series on green society : toward a sustainable future 
830 0 |a <The> SAGE reference series on green society : toward a sustainable future 
610 2 0 |a firmy 
610 2 0 |a podnik 
610 2 0 |a politika environmentálna 
610 2 0 |a podnikanie zodpovedné 
610 2 0 |a ochrana prostredia životného 
610 2 0 |a ochrana zdravia 
610 2 0 |a emisie 
610 2 0 |a znečistenie prostredia životného 
610 2 0 |a predpisy 
610 2 0 |a opatrenia 
610 2 0 |a dohody medzinárodné 
610 2 0 |a ekológia 
700 1 |a Cohen, Nevin